<?xml version="1.0" encoding="UTF-8"?>
<record
    xmlns:xsi="http://www.w3.org/2001/XMLSchema-instance"
    xsi:schemaLocation="http://www.loc.gov/MARC21/slim http://www.loc.gov/standards/marcxml/schema/MARC21slim.xsd"
    xmlns="http://www.loc.gov/MARC21/slim">

  <leader>02401nam a22003257a 4500</leader>
  <controlfield tag="005">20100916163240.0</controlfield>
  <datafield tag="010" ind1=" " ind2=" ">
    <subfield code="a">HIN-90519      B-444088-092</subfield>
  </datafield>
  <datafield tag="020" ind1=" " ind2=" ">
    <subfield code="c">395.00</subfield>
    <subfield code="a">9788190560986</subfield>
  </datafield>
  <datafield tag="035" ind1=" " ind2=" ">
    <subfield code="a">HN-62865</subfield>
  </datafield>
  <datafield tag="035" ind1=" " ind2=" ">
    <subfield code="a">B-444088-092</subfield>
  </datafield>
  <datafield tag="037" ind1=" " ind2=" ">
    <subfield code="b">DBAD / PUB</subfield>
  </datafield>
  <datafield tag="037" ind1=" " ind2=" ">
    <subfield code="b">&#x90F;&#x932;&#x93E;&#x908;&#x921; &#x92A;&#x92C;&#x94D;&#x932;&#x93F;&#x936;&#x930;&#x94D;&#x938;</subfield>
  </datafield>
  <datafield tag="082" ind1=" " ind2=" ">
    <subfield code="a">&#x909;</subfield>
  </datafield>
  <datafield tag="100" ind1=" " ind2=" ">
    <subfield code="a">&#x917;&#x94B;&#x938;&#x94D;&#x935;&#x93E;&#x92E;&#x940;, &#x915;&#x93F;&#x936;&#x94B;&#x930;&#x940;&#x932;&#x93E;&#x932;</subfield>
    <subfield code="9">37605</subfield>
  </datafield>
  <datafield tag="245" ind1=" " ind2=" ">
    <subfield code="a">&#x92E;&#x932;&#x94D;&#x932;&#x93F;&#x915;&#x93E;&#x926;&#x947;&#x935;&#x940; &#x935;&#x93E; &#x935;&#x919;&#x93C;&#x917;&#x938;&#x930;&#x94B;&#x91C;&#x928;&#x940; /</subfield>
    <subfield code="c">&#x915;&#x93F;&#x936;&#x94B;&#x930;&#x940;&#x932;&#x93E;&#x932; &#x917;&#x94B;&#x938;&#x94D;&#x935;&#x93E;&#x92E;&#x940; ;&#x92E;&#x927;&#x941;&#x930;&#x947;&#x936; &#x926;&#x94D;&#x935;&#x93E;&#x930;&#x93E; &#x938;&#x902;&#x92A;&#x93E;&#x926;&#x93F;&#x924;</subfield>
  </datafield>
  <datafield tag="260" ind1=" " ind2=" ">
    <subfield code="a">&#x926;&#x93F;&#x932;&#x94D;&#x932;&#x940;</subfield>
    <subfield code="b">&#x939;&#x930;&#x94D;&#x937; &#x92A;&#x92C;&#x94D;&#x932;&#x93F;&#x915;&#x947;&#x936;&#x902;&#x938;</subfield>
    <subfield code="c">2010</subfield>
  </datafield>
  <datafield tag="270" ind1=" " ind2=" ">
    <subfield code="a">1/10753,&#x926;&#x94D;&#x935;&#x93F;&#x924;&#x940;&#x92F; &#x924;&#x932;, &#x917;&#x932;&#x940; &#x928;&#x902; 3, &#x938;&#x941;&#x92D;&#x93E;&#x937; &#x92A;&#x93E;&#x930;&#x94D;&#x915;, &#x928;&#x935;&#x940;&#x928; &#x936;&#x93E;&#x939;&#x926;&#x930;&#x93E;</subfield>
    <subfield code="b">&#x926;&#x93F;&#x932;&#x94D;&#x932;&#x940;</subfield>
    <subfield code="e">110032</subfield>
    <subfield code="k">9910189445</subfield>
  </datafield>
  <datafield tag="300" ind1=" " ind2=" ">
    <subfield code="a">264&#x92A;&#x943;.</subfield>
    <subfield code="c">22&#x938;&#x947;&#x92E;&#x940; (&#x938;&#x91C;&#x93F;&#x932;&#x94D;&#x926;)</subfield>
  </datafield>
  <datafield tag="650" ind1=" " ind2=" ">
    <subfield code="a">&#x939;&#x93F;&#x928;&#x94D;&#x926;&#x940; &#x915;&#x925;&#x93E; &#x938;&#x93E;&#x939;&#x93F;&#x924;&#x94D;&#x92F;</subfield>
    <subfield code="9">657</subfield>
  </datafield>
  <datafield tag="700" ind1=" " ind2=" ">
    <subfield code="9">20179</subfield>
  </datafield>
  <datafield tag="700" ind1=" " ind2=" ">
    <subfield code="9">20333</subfield>
  </datafield>
  <datafield tag="700" ind1=" " ind2=" ">
    <subfield code="9">20540</subfield>
  </datafield>
  <datafield tag="942" ind1=" " ind2=" ">
    <subfield code="2">ddc</subfield>
    <subfield code="c">HN</subfield>
    <subfield code="m">&#x917;&#x94B;&#x938;&#x94D;&#x935;&#x93E;&#x92E;&#x940;</subfield>
    <subfield code="h">&#x909;</subfield>
  </datafield>
  <datafield tag="999" ind1=" " ind2=" ">
    <subfield code="c">46606</subfield>
    <subfield code="d">46606</subfield>
  </datafield>
  <datafield tag="952" ind1=" " ind2=" ">
    <subfield code="0">0</subfield>
    <subfield code="1">0</subfield>
    <subfield code="2">ddc</subfield>
    <subfield code="4">0</subfield>
    <subfield code="7">1</subfield>
    <subfield code="8">FIC</subfield>
    <subfield code="a">DBAD</subfield>
    <subfield code="b">DBAD</subfield>
    <subfield code="d">2010-09-17</subfield>
    <subfield code="e">d</subfield>
    <subfield code="g">395.00</subfield>
    <subfield code="l">0</subfield>
    <subfield code="o">&#x909; &#x917;&#x94B;&#x938;&#x94D;&#x935;&#x93E;&#x92E;&#x940;</subfield>
    <subfield code="p">HN-62865</subfield>
    <subfield code="r">2010-09-17 00:00:00</subfield>
    <subfield code="t">1</subfield>
    <subfield code="v">395.00</subfield>
    <subfield code="w">2010-09-17</subfield>
    <subfield code="y">HN</subfield>
  </datafield>
  <datafield tag="952" ind1=" " ind2=" ">
    <subfield code="0">0</subfield>
    <subfield code="1">0</subfield>
    <subfield code="4">0</subfield>
    <subfield code="7">0</subfield>
    <subfield code="8">FIC</subfield>
    <subfield code="a">L</subfield>
    <subfield code="b">L</subfield>
    <subfield code="d">2011-12-26</subfield>
    <subfield code="e">&#x90F;&#x932;&#x93E;&#x908;&#x921; &#x92A;&#x92C;&#x94D;&#x932;&#x93F;&#x936;&#x930;&#x94D;&#x938;/1034/10.9.11/80/15.3.11/4.10.11</subfield>
    <subfield code="g">395.00</subfield>
    <subfield code="l">1</subfield>
    <subfield code="o">&#x909; &#x917;&#x94B;&#x938;&#x94D;&#x935;&#x93E;&#x92E;&#x940;</subfield>
    <subfield code="p">B-444088</subfield>
    <subfield code="r">2017-10-24 00:00:00</subfield>
    <subfield code="s">2017-10-23</subfield>
    <subfield code="t">1</subfield>
    <subfield code="v">395.00</subfield>
    <subfield code="w">2011-12-26</subfield>
    <subfield code="y">HN</subfield>
  </datafield>
  <datafield tag="952" ind1=" " ind2=" ">
    <subfield code="0">0</subfield>
    <subfield code="1">0</subfield>
    <subfield code="4">0</subfield>
    <subfield code="7">0</subfield>
    <subfield code="8">FIC</subfield>
    <subfield code="a">BL1</subfield>
    <subfield code="b">BL1</subfield>
    <subfield code="d">2011-12-26</subfield>
    <subfield code="e">&#x90F;&#x932;&#x93E;&#x908;&#x921; &#x92A;&#x92C;&#x94D;&#x932;&#x93F;&#x936;&#x930;&#x94D;&#x938;/1034/10.9.11/80/15.3.11/4.10.11</subfield>
    <subfield code="g">395.00</subfield>
    <subfield code="l">0</subfield>
    <subfield code="o">&#x909; &#x917;&#x94B;&#x938;&#x94D;&#x935;&#x93E;&#x92E;&#x940;</subfield>
    <subfield code="p">B-444089</subfield>
    <subfield code="r">2011-12-26 00:00:00</subfield>
    <subfield code="t">1</subfield>
    <subfield code="v">395.00</subfield>
    <subfield code="w">2011-12-26</subfield>
    <subfield code="y">HN</subfield>
  </datafield>
  <datafield tag="952" ind1=" " ind2=" ">
    <subfield code="0">0</subfield>
    <subfield code="1">0</subfield>
    <subfield code="4">0</subfield>
    <subfield code="7">0</subfield>
    <subfield code="8">FIC</subfield>
    <subfield code="a">ZLS</subfield>
    <subfield code="b">ZLS</subfield>
    <subfield code="d">2011-12-26</subfield>
    <subfield code="e">&#x90F;&#x932;&#x93E;&#x908;&#x921; &#x92A;&#x92C;&#x94D;&#x932;&#x93F;&#x936;&#x930;&#x94D;&#x938;/1034/10.9.11/80/15.3.11/4.10.11</subfield>
    <subfield code="g">395.00</subfield>
    <subfield code="l">0</subfield>
    <subfield code="o">&#x909; &#x917;&#x94B;&#x938;&#x94D;&#x935;&#x93E;&#x92E;&#x940;</subfield>
    <subfield code="p">B-444090</subfield>
    <subfield code="r">2011-12-26 00:00:00</subfield>
    <subfield code="t">1</subfield>
    <subfield code="v">395.00</subfield>
    <subfield code="w">2011-12-26</subfield>
    <subfield code="y">HN</subfield>
  </datafield>
  <datafield tag="952" ind1=" " ind2=" ">
    <subfield code="0">0</subfield>
    <subfield code="1">0</subfield>
    <subfield code="4">0</subfield>
    <subfield code="7">0</subfield>
    <subfield code="8">FIC</subfield>
    <subfield code="a">BL4</subfield>
    <subfield code="b">BL4</subfield>
    <subfield code="d">2011-12-26</subfield>
    <subfield code="e">&#x90F;&#x932;&#x93E;&#x908;&#x921; &#x92A;&#x92C;&#x94D;&#x932;&#x93F;&#x936;&#x930;&#x94D;&#x938;/1034/10.9.11/80/15.3.11/4.10.11</subfield>
    <subfield code="g">395.00</subfield>
    <subfield code="l">0</subfield>
    <subfield code="o">&#x909; &#x917;&#x94B;&#x938;&#x94D;&#x935;&#x93E;&#x92E;&#x940;</subfield>
    <subfield code="p">B-444092</subfield>
    <subfield code="r">2011-12-26 00:00:00</subfield>
    <subfield code="t">1</subfield>
    <subfield code="v">395.00</subfield>
    <subfield code="y">HN</subfield>
  </datafield>
  <datafield tag="952" ind1=" " ind2=" ">
    <subfield code="0">0</subfield>
    <subfield code="1">0</subfield>
    <subfield code="4">0</subfield>
    <subfield code="7">0</subfield>
    <subfield code="8">FIC</subfield>
    <subfield code="a">BL3</subfield>
    <subfield code="b">BL3</subfield>
    <subfield code="d">2017-09-04</subfield>
    <subfield code="e">&#x90F;&#x932;&#x93E;&#x908;&#x921; &#x92A;&#x92C;&#x94D;&#x932;&#x93F;&#x936;&#x930;&#x94D;&#x938;/1034/10.9.11/80/15.3.11/4.10.11</subfield>
    <subfield code="g">395.00</subfield>
    <subfield code="l">0</subfield>
    <subfield code="o">&#x909; &#x917;&#x94B;&#x938;&#x94D;&#x935;&#x93E;&#x92E;&#x940;</subfield>
    <subfield code="p">B-444091</subfield>
    <subfield code="r">2017-09-04 00:00:00</subfield>
    <subfield code="t">1</subfield>
    <subfield code="v">395.00</subfield>
    <subfield code="w">2017-09-04</subfield>
    <subfield code="y">HN</subfield>
  </datafield>
</record>
